000
00438nam a22001457a 4500
003
SGT
020
_a
9789332703544
082
_a
070
_b
U16A
100
_a
अग्रवाला , रामगोपाल
245
_a
उभरता भारत विचार और प्राथमिकताए
260
_b
ऐकडेमिक फाउंडेशन
_c
2016
300
_a
158
650
_a
JOURNALISM
942
_2
ddc
_c
BK
999
_c
28820
_d
28820